000 00574nam a22001817a 4500
001 195592
003 OSt
005 20240709090305.0
008 240709b |||||||| |||| 00| 0 POR d
020 _a8571802297
040 _aColégio Cândido Portinari
_bPortuguês
_cColégio Cândido Portinari
082 _a028.5
100 _aMergulhão, Vera Lúcia Marques
_91845
245 _aMara Yara: e a turma do guaraná/ Ilustrações de Francisco Pérez
260 _aSão Paulo: Editota Matltese, c1992.
650 0 _aLiteratura Infanto Juvenil
_9404
942 _2udc
_cBK
_n0
999 _c195592
_d195592